000 00526nam a2200181Ia 4500
008 240925s9999 xx 000 0 und d
020 _a9789339212032
082 _a658.404 GRA
100 _aGray, Clifford F.; Larson, Erik W.
245 0 _aProject Management: the managerial process
250 _a6th
260 _aNew Delhi:
_bMcGraw Hill Education (India) Private Limited
_c,2018.
300 _aVarious pages
_bNA
_fOriginal
500 _aIncludes Index
600 _aManagement
650 _aManagement
942 _cBK
999 _c15568
_d15568